La Izquierda latinoamericana: búsquedas y desafíos /
Las transformaciones recientes en la estructura social, en las relaciones de poder y en los escenarios internacionales, generan desafíos que los actores de la izquierda latinoamericana enfrentan con desigual éxito. Se identifican tres tipos principales de respuesta a esos desafíos: la evasión hacia...
Zapisane w:
| 1. autor: | |
|---|---|
| Format: | Texto |
| Hasła przedmiotowe: | |
| Etykiety: |
Dodaj etykietę
Nie ma etykietki, Dołącz pierwszą etykiete!
|
MARC
| LEADER | 00000 a a2200000 04500 | ||
|---|---|---|---|
| 001 | 10583 | ||
| 003 | |||
| 040 | |||
| 100 | |a Vilas, Carlos M | ||
| 245 | |a La Izquierda latinoamericana: |b búsquedas y desafíos / |c Carlos M Vilas | ||
| 520 | |a Las transformaciones recientes en la estructura social, en las relaciones de poder y en los escenarios internacionales, generan desafíos que los actores de la izquierda latinoamericana enfrentan con desigual éxito. Se identifican tres tipos principales de respuesta a esos desafíos: la evasión hacia el ideologismo, la moderación de las propuestas para no antagonizar al bloque de poder, el diseño creativo de alternativas viables de cambio a partir de lo que existe. En esta perspectiva propiamente política, se señalan las tensiones que surgen entre la activación social y el desinterés creciente por la política en segmentos amplios de las clases medias y populares |a entre la dimensión representativa y la dimensión participativa de la democracia, y la necesidad de articulación de la política institucional a la movilización popular. REV//jmml | ||
| 650 | |a IDEOLOGIAS POLITICAS | ||
| 650 | |a DEMOCRACIA | ||
| 650 | |a NEOLIBERALISMO | ||
| 650 | |a PARTICIPACION SOCIAL | ||
| 650 | |a POLITICA | ||
| 773 | |g número 157; páginas 64-74 | ||
| 999 | |c 34933 |d 34933 | ||
